Best friends. #2 / Shannon Hale ; artwork by ... Read More
Available copies
- 0 of 1 copy available at LARL/NWRL Consortium.
Current holds
0 current holds with 1 total copy.
Show Only Available Copies
| Location | Call Number / Copy Notes | Barcode | Shelving Location | Status | Due Date |
|---|---|---|---|---|---|
| Greenbush Public Library | j G 921 HAL (Text) | 35500006793697 | Main | Checked out | 07/09/2026 |
Record details
- ISBN: 9781250317452
- ISBN: 1250317452
- ISBN: 9781250317469
- ISBN: 1250317460
- Physical Description: 239 pages : color illustrations ; 22 cm
- Edition: First edition.
- Publisher: New York : First Second, 2019
- Copyright: ©2019
Content descriptions
| Summary, etc.: | "When she becomes part of the in-crowd, Shannon ... Read More |
Search for related items by subject
| Genre: | Graphic novels. Coming-of-age comics. |
Search for related items by series
| LDR | 02266cam a2200565Ii 4500 | ||
|---|---|---|---|
| 001 | 324392 | ||
| 003 | LARL_NWRL_CONSORTIUM | ||
| 005 | 20190909150459.0 | ||
| 008 | 190819t20192019nyua j 6 000 1 eng d | ||
| 040 | . | ‡aNjBwBT ‡beng ‡erda ‡cT7B ‡dT7B ‡dLE@ ‡dOCLCQ ‡dVP@ ‡dNZAUC ‡dNYP ‡dFMG ‡dTCH | |
| 019 | . | ‡a1112493153 | |
| 020 | . | ‡a9781250317452 ‡q(hardcover) | |
| 020 | . | ‡a1250317452 ‡q(hardcover) | |
| 020 | . | ‡a9781250317469 ‡q(paperback) | |
| 020 | . | ‡a1250317460 ‡q(paperback) | |
| 035 | . | ‡a(OCoLC)1112493275 ‡z(OCoLC)1112493153 | |
| 082 | 0 | 4. | ‡a741.5/973 ‡223 |
| 100 | 1 | . | ‡aHale, Shannon, ‡eauthor. ‡0(LARL_NWRL_CONSORTIUM)133231 |
| 245 | 1 | 0. | ‡aBest friends. ‡n#2 / ‡cShannon Hale ; artwork by LeUyen Pham ; color by Hilary Sycamore. |
| 250 | . | ‡aFirst edition. | |
| 264 | 1. | ‡aNew York : ‡bFirst Second, ‡c2019 | |
| 264 | 4. | ‡c©2019 | |
| 300 | . | ‡a239 pages : ‡bcolor illustrations ; ‡c22 cm | |
| 336 | . | ‡atext ‡btxt ‡2rdacontent | |
| 336 | . | ‡astill image ‡bsti ‡2rdacontent | |
| 337 | . | ‡aunmediated ‡bn ‡2rdamedia | |
| 338 | . | ‡avolume ‡bnc ‡2rdacarrier | |
| 490 | 0 | . | ‡aReal friends ; ‡v2 |
| 520 | . | ‡a"When she becomes part of the in-crowd, Shannon begins to question whether she wants to remain there, in a story about popularity, first boyfriends, and finding a path in life."--Provided by publisher. | |
| 650 | 0. | ‡aPreteen girls ‡vComic books, strips, etc. | |
| 650 | 0. | ‡aBest friends ‡vComic books, strips, etc. | |
| 650 | 0. | ‡aFemale friendship ‡vComic books, strips, etc. | |
| 650 | 0. | ‡aPopularity ‡vComic books, strips, etc. | |
| 650 | 0. | ‡aMiddle schools ‡vComic books, strips, etc. | |
| 650 | 0. | ‡aMiddle school students ‡vComic books, strips, etc. | |
| 650 | 0. | ‡aSocial acceptance in children ‡vComic books, strips, etc. | |
| 650 | 1. | ‡aBest friends ‡vFiction. ‡0(LARL_NWRL_CONSORTIUM)168959 | |
| 650 | 1. | ‡aFriendship ‡vFiction. ‡0(LARL_NWRL_CONSORTIUM)164944 | |
| 650 | 1. | ‡aPopularity ‡vFiction. ‡0(LARL_NWRL_CONSORTIUM)174437 | |
| 650 | 1. | ‡aSchools ‡vFiction. ‡0(LARL_NWRL_CONSORTIUM)167222 | |
| 650 | 1. | ‡aGraphic novels. ‡0(LARL_NWRL_CONSORTIUM)177334 | |
| 650 | 7. | ‡aJUVENILE NONFICTION ‡xComics & Graphic Novels ‡xSocial Topics. ‡2bisacsh | |
| 650 | 7. | ‡aJUVENILE NONFICTION ‡xSocial Topics ‡xFriendship. ‡2bisacsh | |
| 655 | 7. | ‡aGraphic novels. ‡2lcgft | |
| 655 | 7. | ‡aComing-of-age comics. ‡2lcgft | |
| 700 | 1 | . | ‡aPham, LeUyen, ‡eartist. ‡0(LARL_NWRL_CONSORTIUM)123378 |
| 700 | 1 | . | ‡aSycamore, Hilary, ‡ecolorist. ‡0(LARL_NWRL_CONSORTIUM)195508 |
| 901 | . | ‡a324392 ‡bOCoLC ‡c324392 ‡tbiblio ‡soclc | |

Add to basket
Permalink
Enable Highlighting